[Event "LLB"]
[Site "?"]
[Date "2008.03.15"]
[Round "?"]
[White "Misciasci, Alessandro"]
[Black "Grundner, Alois"]
[Result "0-1"]
[WhiteElo "1972"]
[BlackElo "1938"]
[Annotator "Fritz 8 (20s)"]
[PlyCount "109"]
[TimeControl "300"]

{37MB, LOIS-LXIC8KMRWW E79: Königsindisch (Vierbauern-Variante)} 1. d4 Nf6 2.
c4 g6 3. Nc3 Bg7 4. e4 d6 5. Be2 O-O 6. f4 c5 7. Nf3 cxd4 8. Nxd4 Nc6 9. Be3 a6
{Kontrolliert b5} 10. O-O Rb8 11. a3 {Es geht um b4} h5 (11... Nd7 12. b4 $14)
12. f5 {Weiß hat mehr Raum} Ne5 {Hier kann der schwarze Springer nicht durch
Bauern angegriffen werden} 13. h3 {Der Gegner darf nicht nach g4} Bd7 14. Rc1
Rc8 15. b3 {Überdeckt a4} (15. Qb3 Kh8 $14) 15... Nc6 16. Nf3 gxf5 17. exf5
Bxf5 18. Nd5 Bg6 19. Nh4 Ne5 20. Nf4 (20. Nxg6 fxg6 21. Bf3 Kh8 $14) 20... Bh6
21. Kh1 Be4 (21... Ne4 22. Qe1 $11) 22. Ne6 Qd7 23. Bxh6 Qxe6 24. Rc3 (24. Nf3
Nxf3 25. Bxf3 Rfd8 $14) 24... Rfd8 25. Bxh5 (25. Rg3+ Kh7 26. Bc1 Kh8 $11)
25... Kh7 (25... d5 26. Qe2 Nd3 27. Bf3 dxc4 28. bxc4 $17) 26. Bf4 (26. Bg5 d5
(26... Nxh5 $143 27. Qxh5+ Kg8 28. Rg3 $18) 27. Qe2 b5 28. cxd5 Qxd5 (28...
Bxd5 $2 29. Re3 $18) 29. Rxc8 Rxc8 $11) 26... Rg8 (26... b5 27. Bf3 Bxf3 28.
Nxf3 Nxf3 29. Rcxf3 $14) 27. Bf3 (27. Re3 $142 $5 $14 {ist noch spielbar})
27... Nxf3 $15 28. Nxf3 Qf5 (28... Rc5 29. Qd2 Bxf3 30. Rcxf3 $11) 29. Qd2 (29.
Qc1 Kh8 $11) 29... e5 (29... Bc6 30. Nh4 Qh5 $11) 30. Bh2 (30. Bh6 Kh8 31. Kg1
Qg6 $11) 30... Rg6 31. Rf2 Rcg8 (31... Bc6 32. Nxe5 Bxg2+ 33. Rxg2 dxe5 34.
Rxg6 fxg6 $11 (34... Kxg6 $143 35. Qg2+ Kh6 36. Rf3 $16 (36. Qxb7 $4 {führt in
eine lange Mattsequenz} Qf1+ 37. Bg1 Rg8 38. Rc1 Rxg1+ 39. Kh2 Qf2+ 40. Qg2
Qxg2#))) 32. Nh4 $16 Bxg2+ $2 (32... Qe6 $142 33. Qe2 Rh6 34. Rxf6 Bxg2+ 35.
Qxg2 Rxf6 36. Qe4+ Kh8 $14) 33. Nxg2 $18 Ne4 (33... Rxg2 34. Rxg2 Ne4 $18) 34.
Rxf5 Nxd2 35. Rxf7+ Kh6 (35... R6g7 {verlängert das Leiden} 36. Rxg7+ Rxg7 $18)
36. Nh4 Re6 (36... Rg5 {macht keinen großen Unterschied} 37. Rd3 Ne4 38. Re3
$18) 37. Rg3 (37. Re3 $142 {und Weiß ist direkt am Ziel} Rg5 38. Bf4 Kh5 39.
Bxg5 Kxg5 $18) 37... Rxg3 38. Bxg3 Nxb3 (38... Ne4 {ändert den Lauf der Dinge
nicht} 39. Kg2 $18) 39. Rxb7 (39. Bf2 $142 {entschiede die Partie sofort} Kh5
40. Kg2 Nd4 $18) 39... Nc5 40. Ra7 Rf6 41. Kg2 Kg5 42. Rg7+ Kh6 43. Rc7 Kg5 (
43... Kh5 $18 {ist ein letzter Versuch}) 44. Nf3+ Kf5 45. Bxe5 $1 {Ablenkung:
e5.} Ne6 (45... dxe5 46. Nh4+ {Doppelangriff} (46. Rxc5 {Ablenkung}) (46. Rxc5
{Überlastung})) 46. Bxf6 Nxc7 47. Bc3 (47. Bh4 {und Weiß hätte es noch leichter
} Ne8 $18) 47... Ke4 (47... Ne6 {nützt auch nichts mehr} 48. Kg3 Nc5 49. Bb4
$18) 48. h4 Kd3 49. Bb4 Kxc4 50. Bxd6 Nd5 51. Kg3 Kd3 (51... Nf6 {ändert
nichts am Ausgang der Partie} 52. Kf4 Kd5 53. Kf5 $18) 52. Kg4 (52. h5 {
erleichterte Weiß die Gewinnführung} Nf6 53. h6 Nh7 $18) 52... Nf6+ (52... Ke4
{hilft allerdings auch nicht} 53. Kg5 Kxf3 54. h5 $18) 53. Kf5 Ne4 (53... Ng8 {
wäre gleichermaßen fruchtlos} 54. Kg6 Ke3 55. Ng5 $18) 54. Be7 (54. Ne1+ $142 {
ist der schnellste Weg} Kd4 55. Be5+ Kd5 $18) 54... Ke3 (54... a5 $18 {ist
vielleicht ein Schwindelversuch}) 55. Ng5 {und Schwarz gab auf} 0-1

[Event "Sbg. Senioren LM"]
[Site "?"]
[Date "2008.04.14"]
[Round "?"]
[White "Michaeler, Ekkehard"]
[Black "Grundner, Alois"]
[Result "1-0"]
[WhiteElo "1533"]
[BlackElo "1938"]
[Annotator "Fritz 10 (15s)"]
[PlyCount "61"]

{D05: Damenbauernspiele (Colle-Aufbau)} 1. d4 Nf6 2. Nf3 e6 3. e3 d5 4. Bd3 Bd6
5. Nbd2 O-O 6. O-O b6 (6... c5 7. b3 Nc6 8. a3 Qb6 9. Bb2 cxd4 10. exd4 Bf4 11.
c4 Re8 12. Re1 Qc7 13. Qe2 Bd7 14. Ne5 Rad8 15. Ndf3 Na5 16. Qd1 dxc4 17. bxc4
Bc6 18. g3 Bxe5 19. dxe5 Nxc4 20. Bc3 Nd7 21. Bxh7+ {Mirkovic,N (1688)
-Corbatto,R (1500)/Nova Gorica 2006/CBM 110 ext/0-1 (42)}) 7. c3 $146 {Punkt b4
} (7. Re1 Ba6 8. Bxa6 Nxa6 9. Qe2 Nb4 10. Nf1 c5 11. c3 Nc6 12. N1d2 Ne4 13.
Kh1 f5 14. Nxe4 fxe4 15. Ng1 Qf6 16. f4 cxd4 17. cxd4 Nb4 18. Rf1 Rac8 19. Bd2
Rc2 20. Qd1 Rxb2 21. Bxb4 Rxb4 {Reuter,P-Feibert,F (2320)/Hauenstein 1991/GER/
0-1}) (7. e4 dxe4 8. Nxe4 Bb7 9. Re1 Nbd7 10. c3 Nxe4 11. Bxe4 Bxe4 12. Rxe4
Nf6 13. Rh4 Ne8 14. Qd3 g6 15. Bh6 Ng7 16. Rh3 f6 17. Re1 Qd7 18. Qd2 Rf7 19.
Bf4 Rd8 20. Bxd6 Qxd6 21. Qe2 c5 {Gantes Leon,M (2031)-Lamparero Arroyo,M/
Castellon 2004/CBM 098 ext/1/2-1/2 (40)}) (7. e4 $5 {sieht gut aus} Be7 8. Re1
$14) 7... Bb7 $11 8. Ne5 Nbd7 9. f4 Ne4 {Die Sturmspitze auf e4} 10. Qc2 f5 11.
Ndf3 a6 {Verhindert das Eindringen auf b5} 12. c4 c5 13. b3 Rc8 14. Bb2 Ndf6
15. Rac1 Qe8 16. Qe2 dxc4 17. bxc4 h6 18. Nh4 Bxe5 19. fxe5 Nh7 20. Nf3 Rd8 21.
Qe1 g5 22. Nd2 Nxd2 23. Qxd2 Rf7 24. Qe2 Rfd7 25. g4 Be4 26. gxf5 exf5 27. d5
Nf8 28. Bxe4 fxe4 29. Qg4 {Jetzt hängt e6 in der Luft} b5 30. e6 Nxe6 31. dxe6
1-0

[Event "Sbg. Senioren LM"]
[Site "?"]
[Date "2008.04.14"]
[Round "?"]
[White "Grundner, Alois"]
[Black "Kohlweiß, Walter"]
[Result "1-0"]
[WhiteElo "1938"]
[BlackElo "1550"]
[Annotator ",lois"]
[PlyCount "55"]
[EventDate "2000.??.??"]
[TimeControl "300"]

{157MB, Fritz10.ctg, NAME-65104D6971} 1. d4 {[%emt 0:00:00]} d5 {[%eval 0,0] 
[%emt 0:00:00]} 2. c4 e6 3. Nc3 Nc6 4. Nf3 Nf6 5. Bg5 Be7 6. e3 O-O 7. Rc1 h6
8. Bh4 a6 9. Bd3 Ng4 10. Bxe7 Qxe7 11. cxd5 exd5 12. Nxd5 Qd6 13. Nc3 (13. Nf4
Nf6 14. O-O Bg4 15. h3 Bd7 16. Bc4 Na5 17. Be2) 13... Re8 14. O-O Be6 15. Bb1
Nf6 16. e4 Bg4 17. e5 Bxf3 18. Qxf3 Nxd4 19. exd6 Nxf3+ 20. gxf3 c6 21. Rfe1
Rad8 22. Rxe8+ Rxe8 23. Ne4 Nd5 24. Nc5 Nf4 25. Kf1 (25. Rd1 Kf8 26. d7 Rd8 27.
Nxb7 Ke7 28. Nxd8 Kxd8 29. Be4 c5 30. Bc6 Ne6 31. a3 g6 32. b4 Nd4 33. Ba4 Ne2+
34. Kf1 Nc3 35. Rc1 Nxa4 36. bxc5 Kxd7 37. Rc4 Nb2 38. Rb4 Nd3 39. Rd4+) 25...
Rb8 26. Re1 g6 27. d7 Rd8 28. Re8+ 1-0

[Event "Sbg. Senioren LM"]
[Site "?"]
[Date "2008.04.16"]
[Round "?"]
[White "Aichinger, Herbert"]
[Black "Grundner, Alois"]
[Result "0-1"]
[WhiteElo "1457"]
[BlackElo "1938"]
[Annotator "Fritz 10 (15s)"]
[PlyCount "72"]
[EventDate "2000.??.??"]

{D45: Damengambit (Anti-Meraner Variante)} 1. c4 Nf6 2. Nc3 e6 3. d4 d5 4. e3
c6 5. c5 Nbd7 6. Nf3 b6 (6... Be7 7. Bd3 O-O 8. O-O Re8 9. e4 dxe4 10. Nxe4
Nxe4 11. Bxe4 Nf6 12. Bc2 Qc7 13. b4 a5 14. Bd2 axb4 15. Bxb4 Rd8 16. Re1 Nd5
17. Bd2 Nf4 18. Re4 Ng6 19. h4 f5 20. Re2 Nxh4 21. Nxh4 {Porsgaard,
P-Kristensen,T/Esbjerg 2006/CBM 113 ext/1-0 (34)}) 7. b4 a5 8. b5 {Weiß droht
Materialgewinn: b5xc6} Bb7 $146 (8... cxb5 9. c6 Nb8 10. Bxb5 Qc7 11. Qa4 Bd6
12. Bd2 O-O 13. O-O Ne4 14. Nxe4 dxe4 15. Ne5 Bxe5 16. dxe5 Qxe5 17. Rac1 Ba6
18. Bxa6 Nxa6 19. Bc3 Qc7 20. Qxe4 Nc5 21. Qg4 f5 22. Qf3 Rac8 23. Bxa5 {
Lapitzkaya,G-Zlobina,D/Smolensk 2005/CBM 109 ext/0-1 (33)}) ({Dagegen} 8...
bxc5 9. bxc6 Nb6 10. Ba3 c4 $16) 9. bxc6 Bxc6 10. Ne5 (10. cxb6 $5 {ist zu
erwägen} Bb4 11. Bd2 $15) 10... Nxe5 $17 11. dxe5 Nd7 12. cxb6 Bb4 13. Qd4 Qxb6
14. Bd2 Qc7 (14... Rb8 15. Qxb6 Rxb6 16. f4 $17) 15. f4 (15. Nb5 Bxb5 16. Bxb5
O-O 17. Bxb4 axb4 18. Qxb4 Nxe5 $11) 15... O-O (15... Bc5 16. Qd3 O-O $17) 16.
a3 $2 (16. Nb5 $142 $5 {ist noch spielbar} Bxb5 17. Bxb5 $15) 16... Bc5 $19 17.
Qd3 Qa7 (17... f6 18. exf6 Nxf6 19. Be2 $19) 18. Ne2 Bb6 19. Nd4 Rfc8 20. Nxc6
(20. a4 Rab8 21. Ra2 Rc7 $17) 20... Rxc6 $19 21. Rd1 Nc5 22. Qb5 Rac8 23. Bd3
Nxd3+ 24. Qxd3 Rc2 25. g4 g6 (25... a4 26. O-O Rxd2 27. Rxd2 Bxe3+ 28. Kg2 Bxd2
29. Qxd2 Qc5 $19) 26. h4 (26. Ke2 $5 $17) 26... a4 27. Rh3 $4 {es war sowieso
egal} (27. h5 $142 Ba5 28. O-O Bxd2 29. Rxd2 $19) 27... Ba5 28. Qd4 (28. g5 {
ist vielleicht ein Schwindelversuch} R8c3 $1 {Hinlenkung: c3} 29. Bxc3 Rxc3 30.
Qxc3 Bxc3+ 31. Kf2 $19) 28... Qa6 29. f5 (29. Rh2 {ist ein letzter Versuch} Bc3
30. Bxc3 Rxh2 31. Qd3 $19) 29... Rxd2 30. Rxd2 Rc1+ 31. Kf2 Qf1+ 32. Kg3 Bxd2 (
32... Qg1+ $142 {und Schwarz gewinnt} 33. Kf4 gxf5 $19) 33. Qxd2 Qg1+ 34. Kf4 (
34. Qg2 {ist noch eine Idee} Qxe3+ 35. Kh2 Qxe5+ 36. Rg3 exf5 37. gxf5 $19)
34... Rc4+ (34... Rf1+ 35. Rf3 gxf5 36. Qg2 Qxg2 37. e4 Qxf3+ 38. Kg5 Qxg4+ 39.
Kf6 Qxh4#) 35. Qd4 Rxd4+ (35... gxf5 36. Rg3 Qf2+ 37. Rf3 Qxh4 38. Rg3 Rc2 39.
e4 Qh6+ 40. Kf3 fxe4+ 41. Qxe4 Qh1+ 42. Kf4 Qxe4+ 43. Kg5 h6+ 44. Kh4 Rh2+ 45.
Rh3 Qe1+ 46. Kh5 Rxh3#) 36. exd4 Qxd4+ (36... Qxd4+ 37. Kg3 Qd3+ 38. Kg2 Qe2+
39. Kh1 gxf5 $19) 0-1

[Event "Sbg. Senioren LM"]
[Site "?"]
[Date "2008.04.21"]
[Round "?"]
[White "Walkner, Karl"]
[Black "Grundner, Alois"]
[Result "1/2-1/2"]
[WhiteElo "1833"]
[BlackElo "1938"]
[Annotator ",lois"]
[PlyCount "59"]
[EventDate "2000.??.??"]
[TimeControl "240+2"]

{157MB, Fritz10.ctg, NAME-65104D6971} 1. e4 d5 2. exd5 Nf6 3. Nc3 Nxd5 4. Bc4
c6 5. Qf3 e6 6. Nge2 Be7 7. O-O Nd7 8. a3 Ne5 9. Qe4 Nxc4 10. Qxc4 O-O 11. d4
Bf6 12. Ne4 Be7 13. Qb3 b6 14. c4 Nf6 15. f3 Bb7 (15... e5 16. dxe5 Nxe4 17.
fxe4 Bg4 18. Qc2 Bxe2 19. Qxe2 Qd4+ 20. Kh1 Qxe5 21. Bf4 Qe6 22. b3 Rad8 23.
Qf3 Rd7 24. Rfd1 Rxd1+ 25. Rxd1 Bxa3 26. Ra1 Qe7 27. e5 Rc8 28. Qg4 Rd8 29. h3
Bc5 30. Re1 Rd3 31. Qc8+ Qd8 32. Qxd8+ Rxd8 33. Be3 Bxe3 34. Rxe3 Kf8) 16. Rd1
Qd7 ({Fritz 10:} 16... Nxe4 17. fxe4 c5 18. e5 f6 19. Qg3 Rf7 20. Bf4 Qd7 21.
dxc5 Bxc5+ 22. Kh1 Qa4 23. b3 Qc6 24. Nd4 {[%eval -13,15]} Qe8 {[%eval 12,15] 
[%emt 0:00:31]}) 17. Bf4 Rad8 18. Nxf6+ Bxf6 19. Be5 Qe7 20. Bxf6 Qxf6 21. Qe3
Rd7 22. b3 Rfd8 23. Rd3 c5 24. Rad1 Qg6 25. Nf4 Qg5 26. dxc5 ({Fritz 10:} 26.
h4 Qxh4 27. dxc5 Rxd3 28. Rxd3 bxc5 29. Rxd8+ Qxd8 30. Qxc5 Qb6 31. Qxb6 axb6
32. Nd3 Ba6 33. Kf2 Kf8 {[%eval 52,17]}) 26... Rxd3 27. Rxd3 Rxd3 28. Qxd3
Qxc5+ 29. Kf1 Qe7 ({Fritz 10:} 29... Qxa3 30. Qd7 g6 31. Ne2 Qa6 32. Kf2 Bc8
33. Qd8+ Kg7 34. Nc3 Qa1 35. Ne2 Qa6 {[%eval 0,17]}) 30. b4 1/2-1/2

[Event "Sbg. Senioren LM"]
[Site "?"]
[Date "2008.04.21"]
[Round "5"]
[White "Grundner, Alois"]
[Black "Fuchs, Egon"]
[Result "1-0"]
[WhiteElo "1938"]
[BlackElo "1580"]
[Annotator ",lois"]
[PlyCount "55"]
[EventDate "2000.??.??"]

1. d4 Nf6 2. c4 g6 3. Nc3 Bg7 4. e4 d6 5. Be2 O-O 6. f4 c5 7. Nf3 Qa5 8. O-O
Na6 9. d5 (9. e5 Ng4 10. Nd5 Qd8 11. h3 Nh6 (11... e6 12. hxg4 exd5 13. cxd5
cxd4 14. Qxd4 Bxg4 15. Bd2 Nc7 16. Bc4 a5 17. a4) 12. g4 cxd4 13. Qxd4 Nc7 14.
Be3 dxe5 15. fxe5 f6 16. Rac1 Nf7 17. exf6 exf6 18. Qd2 Nxd5 19. cxd5 f5 20. g5
f4 21. Bxf4 Bxh3 22. Rf2) 9... Qd8 10. Rb1 e6 11. a3 exd5 12. cxd5 b6 13. Bd3 (
{Fritz 10:} 13. Bb5 Nb8 14. e5 Ne8 15. Re1 Nc7 16. Bc4 Bf5 17. Bd3 c4 18. Bxc4
{[%eval 157,14]} Bxb1 19. Nxb1 b5 20. Ba2 Re8 21. e6 Nba6 22. Nc3 Nc5 23. exf7+
Kxf7 24. Be3 Kf8 25. Ng5 Bxc3 26. bxc3 Qe7 27. Bf2 Qd7 28. Ne6+ N7xe6 29. dxe6
Nxe6 30. Qd5 Rac8 31. f5 gxf5 32. Qxf5+ Qf7 33. Qd5 (33. Bxe6) 33... Rc4 34.
Qxd6+ Qe7 35. Qd5 a6 36. Bxc4 bxc4 37. Qxc4 Kg8 38. Qxa6) 13... Nc7 14. Qe2 a6
15. Bd2 Re8 16. Qf2 b5 17. Rbe1 Bg4 18. h3 Bxf3 19. Qxf3 Nd7 20. Re2 c4 21. Bc2
Re7 22. Be3 Ne8 23. Rd2 Qc7 24. Qf2 Rc8 25. e5 Nc5 26. Bd4 dxe5 27. d6 Nxd6 (
27... Qxd6 28. fxe5 (28. Bxe5 Qc6 29. Bxg7 Kxg7 30. Rfd1 f5 31. Nd5 Rd7 32. g4
fxg4 33. hxg4 Nf6 34. Nxf6 Rxd2 35. Qxd2 Qxf6 36. g5 Qe6 37. Qd4+ Kg8 38. Qd5
Qxd5 39. Rxd5 Ne6 40. f5 Nf4 41. Rd7 Re8 42. fxg6 hxg6 43. Kf2 Re2+ 44. Kf3
Rxc2 45. Kxf4 Rf2+ 46. Ke5 Rf5+ 47. Kd4) 28... Qc6) 28. Nd5 {Schwarz gab auf}
1-0

[Event "Sbg. Senioren LM"]
[Site "?"]
[Date "2008.04.23"]
[Round "7"]
[White "Kohlbauer, Josef"]
[Black "Grundner, Alois"]
[Result "0-1"]
[WhiteElo "1602"]
[BlackElo "1938"]
[Annotator ",lois"]
[PlyCount "50"]
[EventDate "2000.??.??"]
[TimeControl "240+2"]

{157MB, Fritz10.ctg, NAME-65104D6971} 1. d4 Nf6 2. c4 e6 3. Nc3 d5 4. Bg5 Nbd7
5. cxd5 exd5 6. Nxd5 Nxd5 7. Nf3 Bb4+ 8. Bd2 Qe7 9. Qb3 Bxd2+ 10. Nxd2 N7f6 11.
e3 O-O 12. Bc4 c6 13. Rc1 Bf5 14. O-O Rad8 15. e4 Nxe4 16. Nf3 Be6 17. Rfe1
Nef6 18. Ng5 Rd6 19. Ne4 Nxe4 20. Rxe4 Nb6 21. Bxe6 Rxe6 22. Rxe6 Qxe6 23. Qxe6
fxe6 24. Kf1 Rd8 25. Rd1 e5 0-1

[Event "Open Maria Alm"]
[Site "?"]
[Date "2008.05.19"]
[Round "1"]
[White "Grundner, Alois"]
[Black "Schöffl, Kurt, Ing."]
[Result "1/2-1/2"]
[WhiteElo "1931"]
[BlackElo "1598"]
[Annotator ",lois"]
[PlyCount "73"]
[TimeControl "300"]

{157MB, Fritz10.ctg, NAME-65104D6971} 1. d4 Nf6 2. c4 g6 3. Nc3 Bg7 4. e4 d6 5.
Nf3 O-O 6. Be2 e5 7. O-O (7. dxe5 dxe5 8. Qxd8 Rxd8 9. Bg5) 7... Nc6 8. Be3 Ng4
9. Bg5 Bf6 10. Bxf6 Nxf6 11. Qd2 Kg7 12. Rad1 Bg4 13. d5 (13. dxe5 dxe5 14. Qe3
Qc8 15. Nd5 Ng8 16. h3 Bxf3 17. Bxf3 Nd4) 13... Bxf3 14. Bxf3 Nd4 15. Be2 Nd7
16. Bd3 Nc5 17. Bb1 a5 18. f4 Qh4 19. fxe5 dxe5 20. Qf2 (20. Qe3 Nd7) 20...
Qxf2+ 21. Rxf2 f5 22. Rdf1 (22. exf5 gxf5 23. Rdf1 f4 24. g3 fxg3 25. hxg3)
22... f4 23. Ne2 Nxe2+ 24. Rxe2 Rf6 25. b3 Raf8 26. Bc2 f3 27. gxf3 Rxf3 28.
Ref2 Rxf2 29. Rxf2 Rxf2 30. Kxf2 Kf6 31. a3 Na6 32. Bd1 h5 33. Kg3 Nc5 34. Bc2
Na6 35. Kh4 b6 36. h3 Nc5 37. Kg3 1/2-1/2

[Event "Open Maria Alm"]
[Site "?"]
[Date "2008.05.20"]
[Round "2"]
[White "Ernecker, Gottfried"]
[Black "Grundner, Alois"]
[Result "1-0"]
[WhiteElo "1761"]
[BlackElo "1931"]
[Annotator ",lois"]
[PlyCount "79"]
[TimeControl "300"]

{157MB, Fritz10.ctg, NAME-65104D6971} 1. e4 d5 2. exd5 Nf6 3. Nc3 Nxd5 4. Nxd5
Qxd5 5. c4 Qa5 6. Ne2 c5 7. Nc3 Nc6 8. Be2 Nd4 9. O-O e6 10. Re1 Be7 11. d3 O-O
12. Bd2 Qc7 13. Nb5 Nxb5 14. cxb5 b6 15. Rc1 Qd7 16. a4 Bb7 17. Bc3 Rad8 (17...
Bg5 18. Rc2 Rfd8) 18. Qc2 Bd6 19. Rcd1 Qc7 20. g3 e5 21. Bf1 Bf3 22. Be2 Ba8
23. f3 Bd5 24. Kg2 f6 25. b3 Qf7 26. Rb1 Qg6 27. Bd1 h5 28. Qe2 h4 29. Bc2 Qf5
30. Kf2 Qh3 31. Rh1 Rfe8 32. Rbg1 Qe6 33. gxh4 Bxb3 34. Rg6 Bxc2 35. Qxc2 Qf5
36. Rhg1 Rd7 37. Bd2 Kh7 38. Qc4 Bf8 (38... Bc7 39. Qe4 Qxe4 40. fxe4 Ree7 41.
Ke2 Rd4 42. h5 c4 43. h6 cxd3+ 44. Kd1 Rdd7 45. R1g3 Bd6 46. h4 Bc5 47. h5 Rf7)
39. Rh6+ gxh6 40. Qg8# 1-0

[Event "Open Maria Alm"]
[Site "?"]
[Date "2008.05.21"]
[Round "?"]
[White "Grundner, Alois"]
[Black "Kollmann, Hans"]
[Result "1-0"]
[WhiteElo "1498"]
[BlackElo "1938"]
[Annotator ",lois"]
[PlyCount "79"]
[TimeControl "300"]

{157MB, Fritz10.ctg, NAME-65104D6971} 1. d4 d5 2. c4 dxc4 3. e3 Nf6 (3... e5)
4. Bxc4 e6 5. Nf3 Nc6 6. O-O Be7 7. Nc3 O-O 8. b3 h6 9. Bb2 a6 10. Rc1 b5 11.
Bd3 Bb7 12. Bb1 Rc8 13. Ne4 Nb4 (13... Nxe4 14. Bxe4 Qd7 15. Bxc6 Bxc6 16. Ne5
Qd6 17. Nxc6) 14. Nxf6+ Bxf6 15. e4 Re8 16. a3 Nc6 17. Re1 (17. e5 Bg5 (17...
Be7 18. Rxc6 Bxc6 19. Qc2 Bb7 20. Qh7+ Kf8 21. Qh8#) 18. Nxg5 Qxg5 19. f4 Qd8
20. Be4) 17... Bg5 18. Rc3 Be7 19. Qc2 g6 20. Rxc6 Bxc6 21. Qxc6 Qd6 22. Rc1 b4
23. a4 Red8 24. Ne5 Bf6 25. Nf3 a5 26. e5 Bxe5 27. Nxe5 Qd5 28. Qxd5 Rxd5 29.
Be4 {Mit der möglichen Folge:} Rd6 30. Nc6 Rd7 31. Rc5 Kf8 (31... Ra8 32. Ne7+)
32. Rxa5 Rd6 33. Rb5 f5 34. Bf3 g5 35. Nxb4 Rb6 36. Rxb6 cxb6 37. Bc6 Ke7 38.
Kf1 Kd6 39. Bb5 h5 40. Ke2 1-0

[Event "Open Maria Alm"]
[Site "?"]
[Date "2008.05.22"]
[Round "?"]
[White "Regatschnig, Horst"]
[Black "Grundner, Alois"]
[Result "1/2-1/2"]
[WhiteElo "1749"]
[BlackElo "1938"]
[Annotator ",lois"]
[PlyCount "39"]
[TimeControl "300"]

{157MB, Fritz10.ctg, NAME-65104D6971} 1. d4 e6 2. Nf3 Nf6 3. Bg5 d5 4. e3 Nbd7
5. Nbd2 Be7 6. Be2 O-O 7. O-O Ne4 8. Bxe7 Qxe7 9. c4 c6 10. Rc1 Ndf6 11. Ne5
Nxd2 12. Qxd2 Ne4 13. Qc2 f6 14. Nf3 Bd7 15. Bd3 f5 16. Ne5 Rad8 17. f3 Ng5 18.
Qd2 Nf7 19. Nxf7 Rxf7 20. f4 1/2-1/2

[Event "Open Maria Alm"]
[Site "?"]
[Date "2008.05.23"]
[Round "?"]
[White "Zimmermann, Georg sen."]
[Black "Grundner, Alois sen."]
[Result "0-1"]
[WhiteElo "1715"]
[BlackElo "1938"]
[Annotator ",lois"]
[PlyCount "69"]
[TimeControl "300"]

{157MB, Fritz10.ctg, NAME-65104D6971} 1. d4 Nf6 2. c4 g6 3. Nc3 Bg7 4. e4 d6 5.
Be2 c6 6. f4 Nbd7 7. Nf3 a6 8. O-O O-O 9. b3 b5 10. Qc2 Bb7 11. Bb2 Rc8 12. Nd1
d5 13. exd5 cxd5 14. c5 Bc6 15. b4 Ne4 16. Nf2 f5 17. Nd3 e6 18. Nc1 h6 19. Nb3
Nb8 20. Na5 Bf6 21. a4 bxa4 22. Nxc6 Nxc6 23. Qxa4 Qc7 24. Bxa6 Qxf4 25. Bc1
Qc7 26. Bxc8 Rxc8 27. b5 Nxd4 28. Nxd4 Qxc5 29. Be3 Qc3 30. Ra3 Qb2 31. Rb3 Nc5
32. Rxb2 Nxa4 33. Rc2 Rxc2 34. Nxc2 e5 35. b6 0-1

[Event "Open Maria Alm"]
[Site "?"]
[Date "2008.05.25"]
[Round "?"]
[White "Miller, Martin"]
[Black "Grundner, Alois"]
[Result "0-1"]
[WhiteElo "1830"]
[BlackElo "1938"]
[Annotator ",lois"]
[PlyCount "66"]
[TimeControl "300"]

{157MB, Fritz10.ctg, NAME-65104D6971} 1. e4 d5 2. exd5 Nf6 3. d4 Nxd5 4. Nf3
Bg4 5. Bc4 e6 6. O-O Be7 7. c3 Nd7 8. Be3 O-O 9. Nbd2 N7f6 10. Qc2 c5 11. h3
Bf5 12. Bd3 cxd4 13. Nxd4 Nxe3 14. fxe3 Bxd3 15. Qxd3 e5 16. Rae1 exd4 17. exd4
Re8 18. Re3 Rc8 19. g4 Bd6 20. Ref3 Rc7 21. Nc4 Rce7 22. Ne3 Bc7 23. Nf5 Re1
24. Qd2 Rxf1+ 25. Kxf1 Qd5 26. Kg2 Re4 27. c4 Qxc4 28. Rf2 Qd5 29. Kg1 Qe6 30.
Qg5 Re1+ 31. Rf1 Bh2+ 32. Kxh2 Qe2+ 33. Kg3 Ne4+ 0-1

[Event "Open Maria Alm"]
[Site "?"]
[Date "2008.05.26"]
[Round "?"]
[White "Grundner, Alois"]
[Black "Hobusch, Werner"]
[Result "1-0"]
[WhiteElo "1938"]
[BlackElo "2058"]
[Annotator ",lois"]
[PlyCount "113"]
[TimeControl "300"]

{157MB, Fritz10.ctg, NAME-65104D6971} 1. d4 Nf6 2. c4 e5 3. dxe5 Ng4 4. Nf3 Bc5
5. e3 Nc6 6. Be2 Ngxe5 7. Nxe5 Nxe5 8. Nd2 O-O 9. O-O Qh4 10. g3 Qh3 11. Ne4
Be7 12. f4 Qf5 13. Qd5 d6 14. fxe5 Qxe5 15. Qxe5 dxe5 16. Kg2 f5 17. Nc3 c6 18.
e4 g6 19. Bh6 Re8 20. Rad1 Be6 21. Bd3 Bb4 22. exf5 gxf5 23. Bxf5 Bxc4 24. Bd3
Bd5+ 25. Nxd5 cxd5 26. Bb5 Re6 27. Bd2 Bc5 28. Bc3 Rd8 29. Rxd5 Rxd5 30. Bc4
Red6 31. Rd1 Bd4 32. Bxd4 Kf8 33. Rf1+ Ke8 34. Bxd5 exd4 35. Bxb7 Rb6 36. Bd5
Rxb2+ 37. Rf2 Rb4 38. Rd2 Ke7 39. Be4 h6 40. Bd3 Kd6 41. Kf3 Ke5 42. h3 Rb6 43.
Re2+ Kd5 44. g4 Rf6+ 45. Kg3 a5 46. h4 a4 47. g5 hxg5 48. hxg5 Rf8 49. Kg4 Kc5
50. Rc2+ Kb4 51. Rc4+ Ka3 52. Rxd4 Kxa2 53. Rxa4+ Kb3 54. Rf4 Rd8 55. Bh7 Kc3
56. g6 Rd1 57. Kg5 1-0

[Event "Open Maria Alm"]
[Site "?"]
[Date "2008.05.27"]
[Round "9"]
[White "Patzl, Karl"]
[Black "Grundner, Alois"]
[Result "0-1"]
[WhiteElo "2027"]
[BlackElo "1938"]
[Annotator ",lois"]
[PlyCount "94"]
[TimeControl "300"]

{157MB, Fritz10.ctg, NAME-65104D6971} 1. e4 {[%emt 0:00:00]} d5 2. exd5 Nf6 3.
c4 e6 4. dxe6 Bxe6 5. d4 Bb4+ 6. Bd2 Qe7 {letzter Buchzug} 7. Qe2 Nc6 8. Nf3
Bxd2+ 9. Nbxd2 Nb4 10. Kd1 Bf5 ({0.90 Fritz 10:} 10... O-O-O 11. d5 Nfxd5 12.
cxd5 Nxd5 13. Nd4 Nf4 14. Qe3 Nd5 15. Qe2 {[%eval 0,13]}) 11. Qxe7+ Kxe7 12. a3
({0.36 Fritz 10:} 12. h3 Rhd8 13. d5 Kf8 14. a3 Na6 15. g4 Bc8 16. Kc2 c6 17.
g5 Ne8 18. Bd3 {[%eval 102,12]}) 12... Nc2 13. Rc1 Ng4 14. Nh4 ({-0.53 Fritz
10:} 14. Rg1 {[%eval 36,15]}) 14... Nxd4 15. Nxf5+ Nxf5 16. Bd3 ({-1.30 Fritz
10:} 16. Ke1 Rhe8 17. Bd3 Kf8+ 18. Kf1 Nd4 19. c5 Rad8 20. h3 Ne5 21. Be4 {
[%eval -53,14]}) 16... Nxf2+ 17. Ke2 Nxd3 18. Kxd3 Rad8+ 19. Kc3 Rhe8 20. Rce1+
Kf8 21. Nf3 ({-2.04 Fritz 10:} 21. Ne4 Nh4 22. g3 Nf3 23. Re3 Ne5 24. Nc5 b6
25. Nd3 Nxd3 26. Rxd3 Rxd3+ 27. Kxd3 {[%eval -130,14]}) 21... Re3+ ({-1.00
Fritz 10:} 21... Ne3 22. g3 f5 23. b3 c5 24. h4 b6 25. h5 Kg8 26. b4 a6 27. Ng5
{[%eval -204,14]}) 22. Rxe3 Nxe3 23. Nh4 ({-1.75 Fritz 10:} 23. g3 Ng4 24. Re1
Nf2 25. Kc2 {[%eval -100,15]}) 23... Nd1+ 24. Kc2 Nf2 25. Rf1 Ng4 26. Rh1 Ne5 (
{-1.32 Fritz 10:} 26... Rd4 {[%eval -191,13]}) 27. b3 Rd4 28. g3 g6 29. Re1 f6
30. h3 Kf7 31. Re3 c5 32. Ng2 g5 33. h4 h6 34. hxg5 hxg5 35. Ne1 Kg6 36. Kc3 ({
-2.25 Fritz 10:} 36. Nf3 Nxf3 37. Rxf3 f5 38. Kc3 b6 39. b4 a6 40. Re3 Kf6 41.
bxc5 bxc5 42. a4 Rg4 {[%eval -146,17]}) 36... Kf5 37. Nf3 Nxf3 ({-1.41 Fritz
10:} 37... Re4 38. Rxe4 Kxe4 39. Nd2+ Ke3 40. b4 cxb4+ 41. axb4 f5 42. Nb3 f4
43. gxf4 gxf4 44. c5 f3 45. Nd2 f2 46. Nf1+ Ke2 47. Ng3+ {[%eval -272,15]}) 38.
Rxf3+ Kg6 39. b4 b6 40. a4 f5 41. Re3 Re4 42. Rd3 cxb4+ 43. Kxb4 Re7 44. Rd6+ (
{-1.56 Fritz 10:} 44. a5 Kh5 45. Kb5 Re4 46. Rd7 bxa5 47. c5 Re3 48. Rxa7 Rxg3
49. Rxa5 Rc3 50. Ra7 {[%eval -114,15]}) 44... Kh5 45. a5 bxa5+ 46. Kxa5 Kg4 47.
Rd4+ ({-4.41 Fritz 10:} 47. Rg6 Re5+ 48. Kb4 a5+ 49. Ka4 Rc5 50. Kb3 Rc7 51.
Rf6 a4+ 52. Kb4 a3 53. Ra6 Rb7+ 54. Kc3 Kxg3 55. Rxa3 f4 {[%eval -156,15]})
47... Kxg3 0-1